[Event "CZE-chT2E 2223"]
[Site "Czech Republic"]
[Date "2022.11.06"]
[Round "2.5"]
[White "Zvolanek, Libor"]
[Black "Pan, Vladimir"]
[Result "1-0"]
[WhiteElo "2124"]
[BlackElo "1980"]
[PlyCount "83"]
[EventDate "2022.10.16"]
[EventType "team-tourn"]
[EventRounds "11"]
[EventCountry "CZE"]
[SourceTitle "EXT 2024"]
[Source "ChessBase"]
[SourceDate "2023.10.10"]
[SourceVersion "1"]
[SourceVersionDate "2023.10.10"]
[SourceQuality "1"]
[WhiteTeam "Grygov"]
[BlackTeam "Litovel Tatran"]
[WhiteTeamCountry "CZE"]
[BlackTeamCountry "CZE"]

1. e4 c5 2. Nf3 d6 3. Nc3 Nc6 4. Bb5 Bd7 5. 0-0 e5 6. a3 h6 7. d3 Nf6 8. h3 Be7 9. Nh2 0-0 10. f4 exf4 11. Bxf4 a6 12. Bc4 b5 13. Ba2 Be6 14. Bxe6 fxe6 15. Ng4 e5 16. Be3 Nd4 17. Nxf6+ Rxf6 18. Qd2 Rg6 19. Nd5 Bh4 20. a4 b4 21. Bxd4 exd4 22. Rf5 Bg3 23. Raf1 Kh7 24. Qe2 Qh4 25. Rh5 Qd8 26. b3 Be5 27. Rf7 Rg5 28. Rf1 Ra7 29. Rxg5 Qxg5 30. Qf3 Qg6 31. Qf5 Qxf5 32. exf5 h5 33. g4 hxg4 34. hxg4 Kh6 35. Kg2 Kg5 36. Kf3 Rf7 37. Rh1 g6 38. Ke4 Kxg4 39. Rg1+ Kh5 40. Rxg6 Rf8 41. Nf4+ Kh4 42. Kf3 1-0

[Event "CZE-chT2E 2223"]
[Site "Czech Republic"]
[Date "2022.10.16"]
[Round "1.5"]
[White "Zdrazil, Jan"]
[Black "Zvolanek, Libor"]
[Result "1-0"]
[WhiteElo "1993"]
[BlackElo "2124"]
[PlyCount "73"]
[EventDate "2022.10.16"]
[EventType "team-tourn"]
[EventRounds "11"]
[EventCountry "CZE"]
[SourceTitle "EXT 2024"]
[Source "ChessBase"]
[SourceDate "2023.10.10"]
[SourceVersion "1"]
[SourceVersionDate "2023.10.10"]
[SourceQuality "1"]
[WhiteTeam "Olomouc"]
[BlackTeam "Grygov"]
[WhiteTeamCountry "CZE"]
[BlackTeamCountry "CZE"]

1. e4 e5 2. Nf3 Nf6 3. Nxe5 d6 4. Nxf7 Kxf7 5. d4 c6 6. Nc3 Be7 7. f4 Rf8 8. e5 Bg4 9. Bc4+ d5 10. Be2 Bxe2 11. Qxe2 Qb6 12. Qd3 Na6 13. Be3 Nb4 14. Qe2 Ng4 15. Bg1 Kg8 16. 0-0-0 Nh6 17. a3 a5 18. Be3 Nf5 19. axb4 axb4 20. Nb1 Nxe3 21. Qxe3 c5 22. Qf3 cxd4 23. Rhe1 Ra5 24. Rd3 Rc5 25. Re2 Rfc8 26. Red2 Qc6 27. Qe2 Rc4 28. g3 Qb6 29. b3 Rc3 30. h4 Qa6 31. f5 Qa2 32. f6 Bf8 33. g4 Rxb3 34. Rxb3 Qxb3 35. e6 Bd6 36. e7 Qa4 37. Qe6+ 1-0

[Event "CZE-chT2F 1920"]
[Site "Czech Republic"]
[Date "2020.06.27"]
[Round "10.5"]
[White "Kaminsky, Rudolf"]
[Black "Zvolanek, Libor"]
[Result "0-1"]
[WhiteElo "2023"]
[BlackElo "2129"]
[PlyCount "84"]
[EventDate "2019.10.13"]
[EventType "team-tourn"]
[EventRounds "11"]
[EventCountry "CZE"]
[SourceTitle "EXT 2024"]
[Source "ChessBase"]
[SourceDate "2023.10.10"]
[SourceVersion "1"]
[SourceVersionDate "2023.10.10"]
[SourceQuality "1"]
[WhiteTeam "Havirov Slovan"]
[BlackTeam "Grygov Proclient"]
[WhiteTeamCountry "CZE"]
[BlackTeamCountry "CZE"]

1. d4 d6 2. b3 g6 3. Bb2 Bg7 4. c4 c5 5. Nf3 Bg4 6. Nbd2 Nc6 7. h3 Bxf3 8. Nxf3 Qa5+ 9. Qd2 Qxd2+ 10. Kxd2 cxd4 11. g3 e5 12. Bg2 e4 13. Ng5 Bh6 14. h4 f6 15. Bxe4 Nge7 16. e3 fxg5 17. h5 Bg7 18. exd4 0-0 19. Rae1 Rxf2+ 20. Kc1 gxh5 21. Rxh5 h6 22. Ba3 Rd8 23. b4 Rxa2 24. Bb2 d5 25. Bb1 Ra4 26. b5 Rxc4+ 27. Kd1 Rb4 28. bxc6 Nxc6 29. Kc1 Na5 30. Bf5 Nb3+ 31. Kc2 Nxd4+ 32. Bxd4 Rxd4 33. Re7 Rc4+ 34. Kd2 Rb4 35. g4 a5 36. Rh1 b5 37. Rhe1 Rd4+ 38. Ke3 Rf4 39. Rc1 Bc3 40. Rh1 Rd6 41. Rd7 Rxd7 42. Bxd7 Kg7 0-1

[Event "CZE-chT2F 1920"]
[Site "Czech Republic"]
[Date "2020.02.23"]
[Round "9.5"]
[White "Zvolanek, Libor"]
[Black "Novak, Jiri1111"]
[Result "1/2-1/2"]
[WhiteElo "2164"]
[BlackElo "1988"]
[PlyCount "74"]
[EventDate "2019.10.13"]
[EventType "team-tourn"]
[EventRounds "11"]
[EventCountry "CZE"]
[SourceTitle "EXT 2024"]
[Source "ChessBase"]
[SourceDate "2023.10.10"]
[SourceVersion "1"]
[SourceVersionDate "2023.10.10"]
[SourceQuality "1"]
[WhiteTeam "Grygov Proclient"]
[BlackTeam "Orlova Slavia II"]
[WhiteTeamCountry "CZE"]
[BlackTeamCountry "CZE"]

1. e4 e5 2. Nf3 Nc6 3. d3 h6 4. c3 d5 5. Nbd2 Nf6 6. b4 a6 7. Bb2 Bg4 8. Be2 dxe4 9. dxe4 Bd6 10. 0-0 0-0 11. Qc2 Kh8 12. Nc4 Nd7 13. Ne3 Bxf3 14. Bxf3 g6 15. a4 Qg5 16. Bc1 Qd8 17. Nd5 Kg7 18. Qd2 Rh8 19. Bb2 Nf6 20. Rfd1 Re8 21. g3 Rb8 22. Qd3 Nxd5 23. exd5 Na7 24. Qe3 Nc8 25. Bc1 Rh8 26. c4 Bxb4 27. Qxe5+ f6 28. Qd4 b6 29. h4 Bc5 30. Qd3 h5 31. Be4 Qe8 32. Re1 Nd6 33. Bf4 Qf7 34. Bg2 Rhe8 35. Bh3 f5 36. Be5+ Kh7 37. Bxd6 Bxd6 1/2-1/2

[Event "CZE-chT2F 1920"]
[Site "Czech Republic"]
[Date "2020.02.09"]
[Round "8.5"]
[White "Benco, Pavel"]
[Black "Zvolanek, Libor"]
[Result "1-0"]
[WhiteElo "2207"]
[BlackElo "2164"]
[PlyCount "117"]
[EventDate "2019.10.13"]
[EventType "team-tourn"]
[EventRounds "11"]
[EventCountry "CZE"]
[SourceTitle "EXT 2024"]
[Source "ChessBase"]
[SourceDate "2023.10.10"]
[SourceVersion "1"]
[SourceVersionDate "2023.10.10"]
[SourceQuality "1"]
[WhiteTeam "Frydek Mistek  III"]
[BlackTeam "Grygov Proclient"]
[WhiteTeamCountry "CZE"]
[BlackTeamCountry "CZE"]

1. e4 d6 2. d4 Nf6 3. Nc3 g6 4. Be2 Bg7 5. Bg5 0-0 6. h4 c5 7. dxc5 dxc5 8. Qxd8 Rxd8 9. e5 Nfd7 10. Bxe7 Re8 11. Bd6 Nxe5 12. 0-0-0 Be6 13. Nf3 Ng4 14. Bxc5 Nd7 15. Bd4 Bxd4 16. Rxd4 Ndf6 17. Ng5 Bf5 18. Bc4 Ne5 19. Bb3 Re7 20. Rhd1 Kg7 21. f3 Nc6 22. Rd6 Ne8 23. R6d2 h6 24. Nge4 Na5 25. Bd5 Rc8 26. Rd4 a6 27. Rb4 Rec7 28. g4 Bxe4 29. Bxe4 Nf6 30. Nd5 Nxd5 31. Bxd5 Rxc2+ 32. Kb1 R2c7 33. Rbd4 Re7 34. Be4 Rcc7 35. b3 Nc6 36. Rd6 Ne5 37. h5 g5 38. Rb6 Nc6 39. Rd6 Re6 40. Rxe6 fxe6 41. Bxc6 Rxc6 42. Rxb7+ Kg8 43. Kb2 e5 44. Re7 Rf6 45. Rxe5 Rxf3 46. Re6 Rf4 47. Rxa6 Rxg4 48. Rxh6 Rg2+ 49. Ka3 g4 50. b4 Kf7 51. Rg6 g3 52. Kb3 Rg1 53. Kc4 g2 54. Kb5 Rh1 55. Rxg2 Rxh5+ 56. Ka6 Rh6+ 57. Kb7 Ke6 58. Rd2 Rh4 59. b5 1-0

[Event "Vsetin op 44th"]
[Site "Vsetin"]
[Date "2019.07.06"]
[Round "9"]
[White "Weinzettl, Ernst"]
[Black "Zvolanek, Libor"]
[Result "1-0"]
[WhiteElo "2165"]
[BlackElo "2135"]
[PlyCount "54"]
[EventDate "2019.06.29"]
[EventType "swiss"]
[EventRounds "9"]
[EventCountry "CZE"]
[SourceTitle "CBM 191 Extra"]
[Source "ChessBase"]
[SourceDate "2019.09.30"]
[SourceVersion "1"]
[SourceVersionDate "2019.09.30"]
[SourceQuality "1"]

1. e4 d6 2. d4 Nf6 3. Nc3 g6 4. h3 c6 5. a4 Bg7 6. Be3 0-0 7. Nf3 Nbd7 8. Be2 e5 9. dxe5 dxe5 10. Qd6 Re8 11. Rd1 Bf8 12. Qd3 Qa5 13. Bd2 Qb6 14. b3 Nh5 15. Ng5 Nf4 16. Qf3 h6 17. Nxf7 Kxf7 18. g3 Nf6 19. gxf4 exf4 20. Qxf4 Qc5 21. Bc4+ Be6 22. Be3 Qa5 23. Rd7+ Re7 24. Bxe6+ Kxe6 25. Rd6+ Kf7 26. Qxf6+ Kg8 27. Bd4 Qd5 1-0

[Event "Vsetin op 44th"]
[Site "Vsetin"]
[Date "2019.07.04"]
[Round "7"]
[White "Gratze, Michael"]
[Black "Zvolanek, Libor"]
[Result "0-1"]
[WhiteElo "2037"]
[BlackElo "2135"]
[PlyCount "54"]
[EventDate "2019.06.29"]
[EventType "swiss"]
[EventRounds "9"]
[EventCountry "CZE"]
[SourceTitle "CBM 191 Extra"]
[Source "ChessBase"]
[SourceDate "2019.09.30"]
[SourceVersion "1"]
[SourceVersionDate "2019.09.30"]
[SourceQuality "1"]

1. e4 d6 2. d4 Nf6 3. Nc3 g6 4. Nf3 Bg7 5. Be3 c6 6. Qd2 b5 7. Bd3 0-0 8. 0-0-0 b4 9. Na4 Qa5 10. b3 Nbd7 11. Kb1 c5 12. c4 Ng4 13. Bg5 f6 14. Bh4 cxd4 15. Nxd4 Nc5 16. Nb2 Ne5 17. f3 Bd7 18. Be2 Rfb8 19. Nd3 Nexd3 20. Bxd3 Qd8 21. Bc2 a5 22. Bf2 a4 23. h4 Qa5 24. bxa4 Bxa4 25. Bb3 Bxb3 26. Nc6 Bxa2+ 27. Ka1 Nb3+ 0-1

[Event "Vsetin op 44th"]
[Site "Vsetin"]
[Date "2019.06.30"]
[Round "2"]
[White "Brousek, Jiri"]
[Black "Zvolanek, Libor"]
[Result "0-1"]
[WhiteElo "1847"]
[BlackElo "2135"]
[PlyCount "94"]
[EventDate "2019.06.29"]
[EventType "swiss"]
[EventRounds "9"]
[EventCountry "CZE"]
[SourceTitle "CBM 191 Extra"]
[Source "ChessBase"]
[SourceDate "2019.09.30"]
[SourceVersion "1"]
[SourceVersionDate "2019.09.30"]
[SourceQuality "1"]

1. d4 Nf6 2. Nf3 g6 3. Nc3 Bg7 4. e4 d6 5. Be3 a6 6. a4 0-0 7. Qd2 Nbd7 8. Be2 c5 9. Bh6 cxd4 10. Nxd4 Bxh6 11. Qxh6 Qb6 12. 0-0-0 e5 13. Nb3 Rd8 14. h4 Nf8 15. h5 Be6 16. hxg6 fxg6 17. Nd2 Rac8 18. Qg5 Ne8 19. Nd5 Bxd5 20. exd5 Qc7 21. Bd3 Qf7 22. Be4 Rd7 23. Rh3 Qf4 24. Qxf4 exf4 25. g3 Rf7 26. gxf4 Rxf4 27. Rf3 Rxf3 28. Bxf3 Nf6 29. Ne4 Nxe4 30. Bxe4 Rc4 31. Bg2 Rxa4 32. Bh3 Ra1+ 33. Kd2 Rxd1+ 34. Kxd1 b6 35. Kd2 Kf7 36. Kd3 Ke7 37. Bc8 a5 38. Kc4 Kd8 39. Bh3 g5 40. Kb5 Kc7 41. Bf5 h5 42. f3 Nd7 43. Bh3 Ne5 44. Bg2 Ng6 45. b4 axb4 46. Kxb4 Nh4 47. Bh1 g4 0-1

[Event "Vsetin op 44th"]
[Site "Vsetin"]
[Date "2019.06.29"]
[Round "1"]
[White "Zvolanek, Libor"]
[Black "Hrabovsky, Vladimir"]
[Result "1/2-1/2"]
[WhiteElo "2135"]
[BlackElo "1908"]
[PlyCount "85"]
[EventDate "2019.06.29"]
[EventType "swiss"]
[EventRounds "9"]
[EventCountry "CZE"]
[SourceTitle "CBM 191 Extra"]
[Source "ChessBase"]
[SourceDate "2019.09.30"]
[SourceVersion "1"]
[SourceVersionDate "2019.09.30"]
[SourceQuality "1"]

1. e4 c5 2. Nf3 g6 3. d3 Bg7 4. g3 Nc6 5. Bg2 d6 6. 0-0 e6 7. c3 Nge7 8. a3 0-0 9. Ra2 b6 10. b4 Bb7 11. Re1 Qc7 12. h4 h5 13. Bg5 f6 14. Be3 e5 15. d4 cxd4 16. cxd4 exd4 17. Qb3+ Kh7 18. Bxd4 Ne5 19. Rc2 Qd7 20. Nbd2 Rac8 21. Rec1 Rxc2 22. Rxc2 Rc8 23. a4 Rxc2 24. Qxc2 Qc6 25. Qxc6 N7xc6 26. Bc3 Nxf3+ 27. Bxf3 Ne5 28. Be2 d5 29. exd5 Bxd5 30. Bxe5 fxe5 31. Bf3 Be6 32. Ne4 Kg8 33. b5 Bb3 34. Nd6 Bxa4 35. Bd5+ Kh7 36. Bc4 Bf8 37. Nc8 Bc5 38. Nxa7 Kg7 39. Kf1 Kf6 40. Ke2 Bc2 41. Nc6 Bf5 42. f3 e4 43. fxe4 1/2-1/2

[Event "CZE-chT2E 1819"]
[Site "Czech Republic"]
[Date "2019.01.13"]
[Round "6.3"]
[White "Mrkus, Frantisek"]
[Black "Zvolanek, Libor"]
[Result "1/2-1/2"]
[WhiteElo "2163"]
[BlackElo "2107"]
[PlyCount "114"]
[EventDate "2018.10.14"]
[EventType "team-tourn"]
[EventRounds "11"]
[EventCountry "CZE"]
[SourceTitle "EXT 2022"]
[Source "ChessBase"]
[SourceDate "2021.10.06"]
[SourceVersion "1"]
[SourceVersionDate "2021.10.06"]
[SourceQuality "1"]
[WhiteTeam "Stare Mesto II"]
[BlackTeam "Grygov"]
[WhiteTeamCountry "CZE"]
[BlackTeamCountry "CZE"]

1. e4 d6 2. d4 Nf6 3. Nc3 g6 4. Be3 c6 5. Nf3 Bg7 6. h3 0-0 7. Bd3 Nbd7 8. Qd2 e5 9. dxe5 dxe5 10. 0-0-0 Qe7 11. Be2 Nc5 12. Ng5 Ne6 13. h4 Nd4 14. h5 Rd8 15. hxg6 hxg6 16. Bc4 Be6 17. Nxe6 Nxe6 18. Qe2 Nd4 19. Qf1 b5 20. Bd3 a5 21. g3 Qe6 22. Kb1 a4 23. Ne2 c5 24. Bxd4 cxd4 25. f4 Ng4 26. f5 Qf6 27. fxg6 Qxg6 28. Qf3 Ne3 29. Rc1 b4 30. Rcg1 b3 31. Nf4 bxc2+ 32. Bxc2 Qg4 33. Qf2 Nxc2 34. Rh4 Na3+ 35. bxa3 Qc8 36. Nd3 Rb8+ 37. Nb4 Qc3 38. Qb2 Qe3 39. Qc1 Qf3 40. Ka1 Rbc8 41. Nc6 Bf6 42. Rf4 exf4 43. gxf4+ Bg7 44. Ne7+ Kf8 45. Nxc8 d3+ 46. e5 Qd5 47. Qc3 Bh6 48. e6 Rxc8 49. Qxc8+ Ke7 50. Qd7+ Qxd7 51. exd7 Bxf4 52. Rd1 d2 53. Kb2 Kxd7 54. Kc3 Ke6 55. Kb4 Kd5 56. Kxa4 Kc4 57. Rxd2 Bxd2 1/2-1/2

[Event "Ceske Budejovice op"]
[Site "Ceske Budejovice"]
[Date "2018.06.22"]
[Round "2"]
[White "Zvolanek, Libor"]
[Black "Chylewski, Patryk"]
[Result "1/2-1/2"]
[WhiteElo "2130"]
[BlackElo "2335"]
[PlyCount "50"]
[EventDate "2018.06.21"]
[EventType "swiss"]
[EventRounds "9"]
[EventCountry "CZE"]
[SourceTitle "CBM 185 Extra"]
[Source "ChessBase"]
[SourceDate "2018.07.29"]
[SourceVersion "1"]
[SourceVersionDate "2018.07.29"]
[SourceQuality "1"]

1. Nf3 Nf6 2. g3 d5 3. Bg2 c6 4. 0-0 Bg4 5. d3 Nbd7 6. Nbd2 e5 7. e4 Bd6 8. h3 Bh5 9. exd5 cxd5 10. c4 0-0 11. cxd5 Nxd5 12. Qb3 N7b6 13. Nc4 Re8 14. Re1 Nxc4 15. dxc4 Nf6 16. Be3 Qe7 17. Nh4 Bb4 18. Rec1 Bc5 19. Nf5 Qf8 20. Bxc5 Qxc5 21. Qe3 Qxe3 22. fxe3 e4 23. g4 Bg6 24. Nd6 Re7 25. Rd1 Ne8 1/2-1/2

[Event "Olomouc Summer op 20th"]
[Site "Olomouc"]
[Date "2017.08.12"]
[Round "1"]
[White "Bordes Guasch, Juan Roman"]
[Black "Zvolanek, Libor"]
[Result "1/2-1/2"]
[WhiteElo "1793"]
[BlackElo "2167"]
[PlyCount "49"]
[EventDate "2017.08.12"]
[EventType "swiss"]
[EventRounds "9"]
[EventCountry "CZE"]
[SourceTitle "CBM 180 Extra"]
[Source "ChessBase"]
[SourceDate "2017.10.06"]
[SourceVersion "1"]
[SourceVersionDate "2017.10.06"]
[SourceQuality "1"]

1. e4 d6 2. Nf3 Nf6 3. Nc3 g6 4. d4 Bg7 5. h3 0-0 6. Be3 a6 7. Qd2 b5 8. a3 Bb7 9. Bd3 Nbd7 10. b4 c5 11. bxc5 dxc5 12. e5 cxd4 13. Bxd4 Nh5 14. Be4 Bxe4 15. Nxe4 Qc7 16. g4 Qc6 17. Qe3 f5 18. Neg5 fxg4 19. hxg4 Nf4 20. Qb3+ e6 21. Rxh7 Rac8 22. 0-0-0 Ne2+ 23. Kb1 Rxf3 24. Rxg7+ Kxg7 25. Nxf3 1/2-1/2

[Event "Vsetin op"]
[Site "Vsetin"]
[Date "2017.07.06"]
[Round "7"]
[White "Zvolanek, Libor"]
[Black "Wiewiora, Eneasz"]
[Result "1/2-1/2"]
[WhiteElo "2176"]
[BlackElo "2290"]
[PlyCount "29"]
[EventDate "2017.07.01"]
[EventType "swiss"]
[EventRounds "9"]
[EventCountry "CZE"]
[SourceTitle "CBM 179 Extra"]
[Source "ChessBase"]
[SourceDate "2017.08.23"]
[SourceVersion "1"]
[SourceVersionDate "2017.08.23"]
[SourceQuality "1"]

1. d4 Nf6 2. Nf3 g6 3. c4 Bg7 4. Nc3 d5 5. Bf4 0-0 6. Rc1 c5 7. dxc5 Na6 8. cxd5 Nxc5 9. g3 Nce4 10. Nxe4 Nxe4 11. Nd2 Qa5 12. Bg2 Nxd2 13. Qxd2 Qxa2 14. b4 Qxd2+ 15. Bxd2 1/2-1/2

[Event "Vsetin op"]
[Site "Vsetin"]
[Date "2017.07.05"]
[Round "6"]
[White "Zgarba, Radek"]
[Black "Zvolanek, Libor"]
[Result "0-1"]
[WhiteElo "1838"]
[BlackElo "2176"]
[PlyCount "54"]
[EventDate "2017.07.01"]
[EventType "swiss"]
[EventRounds "9"]
[EventCountry "CZE"]
[SourceTitle "CBM 179 Extra"]
[Source "ChessBase"]
[SourceDate "2017.08.23"]
[SourceVersion "1"]
[SourceVersionDate "2017.08.23"]
[SourceQuality "1"]

1. c4 c5 2. Nc3 Nc6 3. Nf3 Nf6 4. g3 g6 5. Bg2 Bg7 6. 0-0 d6 7. a3 0-0 8. d3 Bd7 9. Rb1 Qc8 10. Bd2 Bh3 11. b4 Bxg2 12. Kxg2 b6 13. b5 Nd4 14. e3 Ne6 15. Qc2 Qb7 16. e4 Nh5 17. Nd5 f5 18. exf5 Rxf5 19. Rbe1 Rxf3 20. Rxe6 Rf7 21. f4 Nf6 22. Rxf6 Bxf6 23. Kg1 Bd4+ 24. Be3 e6 25. Bxd4 exd5 26. Bf2 d4 27. Re1 Re7 0-1

[Event "Vsetin op"]
[Site "Vsetin"]
[Date "2017.07.03"]
[Round "3"]
[White "Zvolanek, Libor"]
[Black "Kuchar, Matej"]
[Result "0-1"]
[WhiteElo "2176"]
[BlackElo "2018"]
[PlyCount "74"]
[EventDate "2017.07.01"]
[EventType "swiss"]
[EventRounds "9"]
[EventCountry "CZE"]
[SourceTitle "CBM 179 Extra"]
[Source "ChessBase"]
[SourceDate "2017.08.23"]
[SourceVersion "1"]
[SourceVersionDate "2017.08.23"]
[SourceQuality "1"]

1. Nf3 Nf6 2. d4 g6 3. c4 c5 4. d5 b5 5. cxb5 a6 6. b6 Bg7 7. Nc3 0-0 8. e4 d6 9. a4 a5 10. Bb5 Bb7 11. 0-0 Nbd7 12. Bg5 Nxb6 13. Qc1 Qc7 14. Bh6 e6 15. Bxg7 Kxg7 16. Ra3 exd5 17. exd5 Nbxd5 18. Nxd5 Bxd5 19. Nh4 Be6 20. f4 Rad8 21. f5 Bc8 22. Qf4 Qb6 23. Rh3 c4+ 24. Kh1 d5 25. Nf3 h5 26. Nd4 Qd6 27. Qd2 Ne4 28. Qxa5 Qc5 29. Nc6 Nf2+ 30. Rxf2 Qxf2 31. Rf3 Qxb2 32. f6+ Kh7 33. Rf1 Rd6 34. Qe1 Rxf6 35. Rxf6 Qxf6 36. a5 Re8 37. Qd1 Qf2 0-1